Central Library OPAC University of Rajshahi

Fream's elements of agriculture : (Record no. 52903)

MARC details
000 -LEADER
fixed length control field 01064nam a2200301 a 4500
001 - CONTROL NUMBER
control field 52903
003 - CONTROL NUMBER IDENTIFIER
rucl marc code BD-RjUL
005 - DATE AND TIME OF LATEST TRANSACTION
control field 20211209075858.0
008 - FIXED-LENGTH DATA ELEMENTS--GENERAL INFORMATION
fixed length control field 190224s1951 enka 001 0 eng d
035 ## - SYSTEM CONTROL NUMBER
System control number OCLC ocm09049743 from D970823M
System control number (BD-RjUL)53023
040 ## - CATALOGING SOURCE
Original cataloging agency SOI
Transcribing agency SOI
Modifying agency SOI
-- ESU
-- EQO
-- BD-RjUL
Language of cataloging eng
041 ## - LANGUAGE CODE
Language code of text/sound track or separate title eng
082 ## - DEWEY DECIMAL CLASSIFICATION NUMBER
Edition number 23
Classification number 630
Author mark and year FRE 1951
245 10 - TITLE STATEMENT
Title Fream's elements of agriculture :
Remainder of title a textbook prepared under the authority of the Royal Agricultural Society of England /
Statement of responsibility, etc. originally edited by the late W. Fream.
250 ## - EDITION STATEMENT
Edition statement 13th ed., rev. and reprinted /
Remainder of edition statement edited by D.H. Robinson.
260 ## - PUBLICATION, DISTRIBUTION, ETC. (IMPRINT)
Place of publication, distribution, etc. London :
Name of publisher, distributor, etc. J. Murray,
Date of publication, distribution, etc. 1951.
300 ## - PHYSICAL DESCRIPTION
Pagination xi, 723 p. :
Illustrations ill. ;
Size 22 cm.
500 ## - GENERAL NOTE
General note Includes index.
650 #0 - SUBJECT ADDED ENTRY--TOPICAL TERM
Topical term or geographic name as entry element Agriculture.
9 (RLIN) 228544
700 1# - ADDED ENTRY--PERSONAL NAME
Personal name Fream, William,
Dates associated with a name 1854-1906.
Personal name Robinson, D. H.
Fuller form of name (Douglas Hepworth)
710 2# - ADDED ENTRY--CORPORATE NAME
Corporate name or jurisdiction name as entry element Royal Agricultural Society of England.
9 (RLIN) 228546
942 ## - ADDED ENTRY ELEMENTS (KOHA)
Source of classification or shelving scheme Dewey Decimal Classification
Koha item type Books
Holdings
Lost status Source of classification or shelving scheme Damaged status Not for loan Collection code Permanent Location Current Location Shelving location Date acquired Source of acquisition Total Checkouts Full call number Date last seen Copy number Koha item type
  Dewey Decimal Classification   Not For Loan Rare Books Central Library, University of Rajshahi Central Library, University of Rajshahi Reading Room 12/01/1956 U.S. Book Exchange   630 FRE 1951 24/02/2019 C-1 Books